| 000 | 00639cam a2200229 a 4500 | ||
|---|---|---|---|
| 001 | 1092407 | ||
| 005 | 20180314093734.0 | ||
| 008 | 920210s1991 kyua e 000 0 eng | ||
| 010 |
_a 92115675 _z 92113600 |
||
| 020 |
_a0891454640 : _c$24.95 |
||
| 040 |
_aDLC _cDLC _dDLC |
||
| 041 | _aeng | ||
| 080 | _a748.290491075 EDW | ||
| 082 | 0 | 0 |
_a748.290491075 EDW _220 |
| 100 | 1 | _a44 | |
| 101 | _aART | ||
| 245 | 1 | 4 |
_aThe standard encyclopedia of carnival glass / _cBill Edwards. |
| 740 | 0 | _aCarnival glass. | |
| 906 |
_a7 _bcbc _corignew _d2 _encip _f19 _gy-gencatlg |
||
| 942 |
_2ddc _cBK |
||
| 999 |
_c45043 _d45043 |
||